[Event "World Blitz 2023"]
[Site "Samarkand UZB"]
[Date "2023.12.29"]
[Round "6.25"]
[White "Adhiban, Baskaran"]
[Black "Bocharov, D."]
[Result "1-0"]
[WhiteElo "2541"]
[BlackElo "2518"]
[PlyCount "107"]
[EventDate "2023.12.29"]
[EventType "blitz"]

1. b3 d5 2. Nf3 Bf5 3. Bb2 e6 4. d3 h6 5. Nbd2 Nf6 6. g3 Be7 7. Bg2 O-O 8. O-O Bh7 9. e3 c5 10. Ne5 Nfd7 11. Nxd7 Nxd7 12. e4 Bf6 13. Bxf6 Nxf6 14. e5 Nd7 15. f4 b5 $146 ({RR} 15... Rc8 16. Qe2 b5 17. c4 dxc4 18. dxc4 Nb6 19. Be4 Qd4+ 20. Kh1 bxc4 21. Bxh7+ Kxh7 22. Nxc4 Nxc4 23. Qxc4 Qxc4 24. bxc4 Rfd8 25. Rfd1 Kg6 26. Kg2 Rb8 27. Rxd8 Rxd8 28. Rb1 Rd2+ 29. Kh3 Rxa2 30. Rb5 {Wedberg,T (2425)-Velikov,P (2465) Kladovo 1980 ½-½ (50)}) 16. a4 a6 17. Kh1 Qc7 18. Qe2 Rad8 19. axb5 axb5 20. g4 Rfe8 21. Rae1 Ra8 22. Nf3 Ra2 23. f5 exf5 24. g5 hxg5 25. Nxg5 Rxe5 26. Qf2 Bg6 27. h4 c4 28. d4 Rxe1 29. Rxe1 Nf6 30. Qe3 Ne4 31. bxc4 Qxc4 32. Qf4 Ra8 33. Nf3 Qxc2 34. Ne5 Qf2 35. Qxf2 Nxf2+ 36. Kh2 Ne4 37. Rb1 Rb8 38. Nc6 Re8 39. Rxb5 Nf6 40. Ne5 Bh5 41. Kg3 g6 42. Kf4 Re6 43. Rb7 Ne4 44. Nxf7 Kf8 45. Ng5 Nxg5 46. hxg5 Re2 47. Bxd5 Rd2 48. Ke5 f4 49. Be6 Ke8 50. d5 f3 51. Kd6 Kf8 52. Rf7+ Ke8 53. Rf6 Re2 54. Bd7+ 1-0

[Event "World Blitz 2023"]
[Site "Samarkand UZB"]
[Date "2023.12.29"]
[Round "7.20"]
[White "Indjic, A."]
[Black "Gareev, T."]
[Result "1-0"]
[WhiteElo "2589"]
[BlackElo "2570"]
[PlyCount "62"]
[EventDate "2023.12.29"]
[EventType "blitz"]

1. Nf3 g6 2. e4 Nf6 3. e5 Nh5 4. d4 d6 5. h3 ({RR} 5. Be2 Nc6 6. O-O Bg7 7. exd6 exd6 8. Bg5 Nf6 9. c4 h6 10. Be3 d5 11. Nc3 Be6 12. Ne5 O-O 13. Nxc6 bxc6 14. b3 dxc4 15. bxc4 Ne8 16. Rc1 Nd6 17. d5 cxd5 18. Nxd5 Re8 19. Nxc7 Qxc7 {Kramnik,V (2793)-Svidler,P (2758) London 2013 1-0 (55)}) 5... Nc6 ({RR} 5... dxe5 6. Nxe5 Bg7 7. Bc4 Bxe5 8. dxe5 Qxd1+ 9. Kxd1 Nc6 10. Re1 Be6 11. Bd3 O-O-O 12. g4 Ng7 13. Bh6 Ne8 14. Nd2 Nb4 15. Bf1 c6 16. a3 Nd5 17. c4 Nb6 18. Kc2 Nc7 19. b3 Rd7 20. Ne4 {Perez Leiva,J (2347)-Sargsyan,S (2660) chess.com INT 2025 0-1 (56)}) 6. Bb5 a6 $146 ({RR} 6... Bd7 7. Nc3 dxe5 8. dxe5 Nb4 9. Qe2 a6 10. Bxd7+ Qxd7 11. O-O Ng7 12. Rd1 Qc8 13. a3 Nc6 14. Nd5 Ne6 15. b4 Bg7 16. Bb2 O-O 17. c4 Rd8 18. Qe4 Rd7 19. Rd2 Qe8 20. Rad1 Rad8 21. Qh4 {Pulkkinen,K (2265)-Heinola,K Helsinki 1993 1-0 (47)}) 7. Bxc6+ bxc6 8. O-O Bb7 9. Re1 Ng7 10. c4 Nf5 11. g4 Ng7 12. Nc3 h5 13. Ng5 hxg4 14. hxg4 dxe5 15. dxe5 Qxd1 16. Rxd1 f6 17. Nge4 c5 18. Nd5 O-O-O 19. exf6 exf6 20. Nexf6 Ne6 21. Be3 Bd6 22. f3 Rh3 23. Rf1 Rdh8 24. Ne4 Be5 25. Kf2 Rh2+ 26. Ke1 Rxb2 27. Ne7+ Kb8 28. Nxg6 Rhh2 29. Nxe5 Rhe2+ 30. Kd1 Bxe4 31. Bc1 Bxf3 1-0

[Event "World Blitz 2023"]
[Site "Samarkand UZB"]
[Date "2023.12.29"]
[Round "8.11"]
[White "Pantsulaia, L."]
[Black "Gukesh, D."]
[Result "1-0"]
[WhiteElo "2561"]
[BlackElo "2720"]
[PlyCount "113"]
[EventDate "2023.12.29"]
[EventType "blitz"]

1. Nf3 d5 2. c4 d4 3. b4 c5 4. b5 Nd7 5. d3 e5 6. g3 Ngf6 7. Bg2 Bd6 8. O-O O-O 9. a4 Re8 ({RR} 9... a6 10. e4 axb5 11. cxb5 c4 12. dxc4 Nc5 13. Nfd2 Ra7 14. Qc2 Bg4 15. Re1 d3 16. Qa2 Rxa4 17. Ba3 Qa5 18. Qb2 Ra8 19. Bxc5 Bxc5 20. Rxa4 Qxa4 21. Qxe5 Qa7 22. Qf4 Be2 23. Nb3 Bb4 24. N1d2 {Pantsulaia,L (2532)-Sammed Jaykumar,S (2391) Bengaluru IND 2025 1-0 (43)}) 10. Nbd2 $146 ({RR} 10. e4 dxe3 11. Bxe3 Nf8 12. Nc3 Ne6 13. Ng5 Nd4 14. Nd5 Rb8 15. Nxf6+ Qxf6 16. Bd5 Be6 17. Qh5 h6 18. Nxe6 Nxe6 19. a5 Nd4 20. Ra2 Qf5 21. Qd1 Qd7 22. a6 b6 23. Bxd4 cxd4 24. Bc6 Qf5 {Bocharov,D (2593)-Sarana,A (2455) Khanty-Mansiysk 2016 1-0 (47)}) 10... Rb8 11. Re1 Nf8 12. e3 Ng6 13. exd4 exd4 14. Rxe8+ Qxe8 15. Ng5 Bf5 16. Nde4 Nxe4 17. Nxe4 Bf8 18. a5 Qd7 19. Ba3 b6 20. axb6 axb6 21. Bc1 Re8 22. Ra6 Qc7 23. h4 Bc8 24. Ra8 Bd7 25. Rxe8 Bxe8 26. h5 Ne5 27. h6 f6 28. f4 Nf7 29. Qg4 Qe7 30. hxg7 Bxg7 31. Qc8 Qd8 32. Qxd8 Nxd8 33. Nd6 Bd7 34. Kh2 Kf8 35. Bh3 Ke7 36. Nf5+ Bxf5 37. Bxf5 h6 38. Kh3 Nb7 39. Kg4 Nd6 40. Bg6 Bf8 41. Bd2 Ke6 42. f5+ Ke7 43. Kf4 h5 44. Kf3 Bg7 45. Bf4 Bf8 46. Kg2 Bg7 47. Kh3 Bf8 48. Kh4 Kd7 49. Kxh5 Nb7 50. Bf7 Na5 51. Kg6 Be7 52. Be6+ Kd8 53. Kf7 Nb3 54. g4 Na1 55. Bc7+ Kxc7 56. Kxe7 Nc2 57. g5 1-0

[Event "World Blitz 2023"]
[Site "Samarkand UZB"]
[Date "2023.12.29"]
[Round "9.1"]
[White "Carlsen, M."]
[Black "Bharath, Subramaniyam H"]
[Result "1-0"]
[WhiteElo "2830"]
[BlackElo "2504"]
[PlyCount "83"]
[EventDate "2023.12.29"]
[EventType "blitz"]

1. b3 d5 2. Nf3 Nf6 3. Bb2 c5 4. e3 Nc6 5. Bb5 Bd7 6. O-O a6 7. Bxc6 Bxc6 8. Ne5 Rc8 9. d3 e6 10. Nd2 Be7 11. f4 O-O 12. Rf3 d4 13. Nxc6 Rxc6 14. e4 b5 $146 ({RR} 14... Ng4 15. Nf1 f5 16. Qe2 Qd7 17. a4 Bd8 18. Bc1 Bc7 19. a5 e5 20. exf5 Rxf5 21. h3 Nh6 22. Ng3 Rf8 23. fxe5 Rxf3 24. Qxf3 Nf7 25. Bf4 Nxe5 26. Qe4 Re6 27. Qxb7 Qd6 28. Rf1 Rf6 29. Ne4 {Javakhishvili,L (2426)-Nilssen,E (2181) New York USA 2024 1-0}) 15. a4 e5 16. Bc1 Nd7 17. Nf1 c4 18. axb5 axb5 19. bxc4 bxc4 20. Ng3 g6 21. Ne2 Qc7 22. f5 cxd3 23. cxd3 Rc8 24. Bd2 Rc2 25. Rf1 Qc6 26. Ng3 Qb5 27. fxg6 hxg6 28. Qf3 Qb3 29. Bh6 Qe6 30. h3 R2c3 31. Ne2 Rc2 32. Kh1 Nc5 33. Ra7 Ra2 34. Rxa2 Qxa2 35. Bd2 Qb3 36. Bb4 Rf8 37. Bxc5 Bxc5 38. Ng1 Qe6 39. Qg3 Rc8 40. Nf3 f6 41. Qxg6+ Kf8 42. Ng5 1-0

[Event "World Blitz 2023"]
[Site "Samarkand UZB"]
[Date "2023.12.29"]
[Round "11.5"]
[White "Gukesh, D."]
[Black "Pranesh, M."]
[Result "1-0"]
[WhiteElo "2720"]
[BlackElo "2523"]
[PlyCount "106"]
[EventDate "2023.12.29"]
[EventType "blitz"]

1. Nf3 d5 2. e3 Nf6 3. c4 e6 4. Nc3 c5 5. cxd5 exd5 6. d4 Nc6 7. Bb5 a6 8. Bxc6+ bxc6 9. O-O Bd6 10. dxc5 Bxc5 11. b3 O-O 12. Bb2 Bg4 13. Rc1 Bd6 14. Ne2 Rc8 15. Ng3 Bxg3 $146 ({RR} 15... Qe7 16. Qd3 Ne4 17. Nd4 Be5 18. Rxc6 h5 19. Ndf5 Bxf5 20. Nxf5 Qg5 21. Rxc8 Rxc8 22. Bxe5 Qxf5 23. Bb2 Rc6 24. f3 Ng3 25. Qxf5 Nxf5 26. Rc1 Re6 27. Rc5 Nxe3 28. Bd4 Nf5 29. Rxd5 Nd6 30. Re5 {Isik,A (2377)-Kolognat,P (2272) Banja Vrujci 2022 1-0 (53)}) 16. hxg3 Ne4 17. Qd3 Qd6 18. Ne5 Be6 19. Qxa6 Ra8 20. Qxc6 Qxc6 21. Nxc6 Rxa2 22. Rc2 h6 23. Rfc1 Kh7 24. Be5 Rxc2 25. Rxc2 Ra8 26. f3 Ng5 27. b4 Ra3 28. b5 Bf5 29. Rb2 Ra1+ 30. Kh2 Bd7 31. Ne7 Ra7 32. Nxd5 Rb7 33. Nc3 Ne6 34. b6 Nc5 35. Bd4 Ne6 36. Ne4 Bc6 37. Nd6 Rb8 38. Nxf7 Bd5 39. Nd6 Nd8 40. e4 Bc6 41. e5 Ne6 42. Be3 Nd8 43. f4 g6 44. g4 h5 45. gxh5 gxh5 46. f5 Bd5 47. e6 Nc6 48. b7 Kg7 49. Bf4 Rf8 50. Rd2 Bb3 51. e7 Nxe7 52. Be5+ Kh7 53. Rb2 Nc6 1-0

[Event "World Blitz 2023"]
[Site "Samarkand UZB"]
[Date "2023.12.30"]
[Round "12.32"]
[White "Bai, Jinshi"]
[Black "Predke, A."]
[Result "1-0"]
[WhiteElo "2585"]
[BlackElo "2689"]
[PlyCount "95"]
[EventDate "2023.12.29"]
[EventType "blitz"]

1. Nf3 c5 2. c4 Nf6 3. Nc3 e6 4. e4 Nc6 5. Be2 Qc7 6. O-O a6 7. h3 Bd6 8. d3 O-O 9. Be3 b6 10. Qd2 Bb7 11. Rac1 $146 ({RR} 11. a3 Rad8 12. Rab1 Be7 13. Bf4 e5 14. Bh2 d6 15. b4 Nd4 16. Rb2 Rb8 17. Rfb1 Bc6 18. Nxd4 cxd4 19. Nd5 Nxd5 20. cxd5 Ba4 21. Rc1 Qb7 22. f4 exf4 23. Bxf4 Rbc8 24. Bg4 Rxc1+ 25. Qxc1 g6 {Neuschmied,S (2294)-Suran,J (2327) Bayern 2011 1-0 (50)}) 11... h6 12. Rfd1 Rac8 13. d4 cxd4 14. Nxd4 Nxd4 15. Qxd4 Bc5 16. Qd3 Qe5 17. Bxc5 bxc5 18. Qd6 Qxd6 19. Rxd6 Bc6 20. e5 Ne8 21. Rd3 f6 22. exf6 Nxf6 23. Bf3 Bxf3 24. Rxf3 d5 25. cxd5 exd5 26. b3 d4 27. Na4 Ne4 28. Rxf8+ Rxf8 29. f3 Ng3 30. Kf2 Ne4+ 31. Ke2 Ng3+ 32. Kf2 Ne4+ 33. Kg1 Ng3 34. Rxc5 Re8 35. Kf2 Nh1+ 36. Kg1 Ng3 37. Rd5 h5 38. h4 Re3 39. Rxd4 Re2 40. Nc3 Rc2 41. Rd8+ Kh7 42. Ne4 Ne2+ 43. Kf1 Nf4 44. Rd6 g6 45. g3 Nh3 46. Rxa6 Rh2 47. Ng5+ Nxg5 48. hxg5 1-0

[Event "World Blitz 2023"]
[Site "Samarkand UZB"]
[Date "2023.12.30"]
[Round "15.34"]
[White "Pantsulaia, L."]
[Black "Iljiushenok, I."]
[Result "1-0"]
[WhiteElo "2561"]
[BlackElo "2547"]
[PlyCount "63"]
[EventDate "2023.12.29"]
[EventType "blitz"]

1. Nf3 d5 2. c4 c6 3. g3 Bg4 4. Ne5 Be6 ({RR} 4... Bf5 5. Qb3 Qb6 6. cxd5 Qxb3 7. axb3 Be4 8. dxc6 Bxh1 9. Rxa7 {1-0 (9) Caruana,F (2796)-Firouzja,A (2744) chess.com INT 2024}) 5. d4 dxc4 ({RR} 5... Nd7 6. cxd5 Bxd5 7. f3 Nxe5 8. dxe5 Qc7 9. Qd4 e6 10. Nc3 c5 11. Nxd5 Qd7 12. Qc3 exd5 13. Bg2 f6 14. f4 Be7 15. O-O fxe5 16. fxe5 Qe6 17. b4 cxb4 18. Qd4 Rd8 19. Qxa7 Qxe5 20. Qa4+ {Arabidze,M (2447)-Terbe,Z (2179) Rhodes GRE 2025 1-0}) ({RR} 5... Nd7 6. cxd5 Bxd5 7. f3 Nxe5 8. dxe5 g6 9. Bd2 Be6 10. e4 h5 11. Bc3 Qb6 12. Qd4 h4 13. g4 Bh6 14. a4 Qc7 15. Na3 Bf4 16. Bc4 Nh6 17. O-O O-O 18. Bxe6 fxe6 19. Qc4 Qc8 20. Nc2 {Pantsulaia,L (2522)-Van Wely,L (2612) chess.com INT 2025 0-1 (49)}) 6. e4 Nf6 $146 ({RR} 6... b5 7. Bg2 f6 8. Nf3 Bg4 9. O-O e5 10. a4 Nd7 11. h3 Bh5 12. axb5 cxb5 13. Nc3 a6 14. g4 Bg6 15. Qe2 Ne7 16. Rd1 Nc6 17. dxe5 fxe5 18. Ng5 Qc8 19. Nd5 Nd8 20. f4 Bc5+ 21. Be3 {Mons,L (2507)-Fodor,T (2470) Germany GER 2024 0-1 (52)}) 7. Nc3 g6 8. Bxc4 Bxc4 9. Nxc4 b5 10. Ne5 b4 11. Qb3 e6 12. Ne2 Nxe4 13. Qf3 Nf6 14. Bg5 Bg7 15. Rc1 Qd5 16. Qxd5 Nxd5 17. Nxc6 Nxc6 18. Rxc6 Kd7 19. Ra6 Rhb8 20. Kd2 Rb6 21. Ra5 a6 22. Rc1 Rc8 23. Rxc8 Kxc8 24. Kd3 Rc6 25. Bd2 Bf8 26. Nf4 Nxf4+ 27. Bxf4 Kb7 28. d5 Rc5 29. Rxc5 Bxc5 30. dxe6 fxe6 31. Be3 Kc6 32. Ke4 1-0

[Event "World Blitz 2023"]
[Site "Samarkand UZB"]
[Date "2023.12.30"]
[Round "16.19"]
[White "Adhiban, Baskaran"]
[Black "Giri, A."]
[Result "1-0"]
[WhiteElo "2541"]
[BlackElo "2754"]
[PlyCount "139"]
[EventDate "2023.12.29"]
[EventType "blitz"]

1. b3 d5 2. Nf3 c5 3. e3 Nf6 4. Bb2 g6 5. Bb5+ Bd7 6. Bxf6 exf6 7. Bxd7+ Qxd7 8. d4 Nc6 9. O-O cxd4 10. Nxd4 Bg7 ({RR} 10... f5 11. Nc3 Bg7 12. Nce2 O-O 13. Qd2 Rfd8 14. Rad1 Nxd4 15. Nxd4 Rac8 16. Qe2 Qc7 17. g3 Bxd4 18. Rxd4 Qxc2 19. Rd2 Qe4 20. Rfd1 Rc5 21. Rd4 Qe6 22. Qf3 a5 23. R1d2 b5 24. Kg2 b4 25. h4 {Makarian,R (2547)-Samunenkov,I (2541) chess.com INT 2025 ½-½ (73)}) ({RR} 10... Bc5 11. Nc3 Bxd4 12. exd4 O-O 13. Qf3 Nxd4 14. Qd3 Nc6 15. Nxd5 Kg7 16. c4 Ne7 17. Rad1 Nxd5 18. Qxd5 Qxd5 19. Rxd5 Rad8 20. Rfd1 Rxd5 21. Rxd5 Re8 22. Kf1 Re7 23. g4 b6 24. a4 Kf8 25. Rd8+ {Adhiban,B (2589)-Vidit,S (2731) chess.com INT 2023 ½-½ (38)}) 11. Nc3 $146 ({RR} 11. c3 O-O 12. Nd2 f5 13. N2f3 Rac8 14. Rc1 Rfd8 15. g3 h6 16. Qd2 Qc7 17. Rfd1 Qa5 18. Kg2 Kh7 19. h4 Bf6 20. Rc2 Kg7 21. Rdc1 Qc5 22. Qd3 Qe7 23. Rd1 Qe4 24. Kg1 Qg4 25. Qe2 Bxd4 {Indjic,A (2589)-Skatchkov,V (2213) chess.com INT 2023 0-1 (62)}) 11... Rd8 12. Qd2 f5 13. Nce2 O-O 14. Rfd1 Qe7 15. c3 h5 16. Qc2 Rd7 17. Rd2 Rfd8 18. Rad1 h4 19. h3 Bf6 20. Nf3 Qc5 21. b4 Qc4 22. Qb3 Qxb3 23. axb3 a6 24. Rd3 Kg7 25. Nf4 Ne7 26. c4 g5 27. Nxd5 Nxd5 28. Rxd5 Rxd5 29. Rxd5 Rxd5 30. cxd5 Be7 31. Nd4 Kf6 32. b5 axb5 33. Nxb5 Ke5 34. d6 Bd8 35. Kf1 Kd5 36. Ke2 Kc5 37. Nd4 f4 38. Nf5 fxe3 39. fxe3 Kd5 40. Kd3 Ke5 41. e4 f6 42. Ke3 Bb6+ 43. Kf3 Ke6 44. b4 Ba7 45. Kg4 Bb8 46. Nd4+ Kxd6 47. Kf5 Ke7 48. Nb3 Bd6 49. b5 Bb4 50. Nd4 Bc3 51. Nc2 Kd6 52. Ne3 Kc5 53. Nd5 Bd4 54. Nxf6 Kxb5 55. e5 Kc4 56. e6 Bc5 57. Nd7 Bd6 58. Nb6+ Kd4 59. Nc8 Bc5 60. e7 Bxe7 61. Nxe7 b5 62. Kxg5 Kc5 63. Kf4 b4 64. Ke4 b3 65. Nd5 b2 66. Nc3 Kc4 67. Nb1 Kb3 68. Kd3 Ka2 69. Kc2 Ka1 70. Nc3 1-0

[Event "World Blitz 2023"]
[Site "Samarkand UZB"]
[Date "2023.12.30"]
[Round "17.14"]
[White "Praggnanandhaa, R."]
[Black "Idani, P."]
[Result "1-0"]
[WhiteElo "2740"]
[BlackElo "2602"]
[PlyCount "43"]
[EventDate "2023.12.29"]
[EventType "blitz"]

1. Nf3 c5 2. b3 b6 3. g3 Bb7 ({RR} 3... g6 4. Bb2 Nf6 5. e4 d6 6. e5 dxe5 7. Nxe5 Nbd7 8. Qf3 Rb8 9. Nc6 Bb7 10. Bxf6 Bxc6 11. Qxc6 exf6 12. Bb5 Rc8 13. Qd5 Be7 14. Nc3 Rc7 15. Ba6 Nb8 16. Bb5+ Kf8 17. O-O Kg7 18. Rfe1 {Andreikin,D (2712)-Dubov,D (2701) Moscow 2018 ½-½ (36)}) 4. Bg2 e5 ({RR} 4... Qc7 5. Bb2 Nf6 6. c4 e6 7. O-O Be7 8. Nc3 a6 9. Re1 d6 10. e4 Nbd7 11. d4 cxd4 12. Nxd4 Rc8 13. Qd2 O-O 14. h3 h5 15. Re2 Qb8 16. Rae1 Bd8 17. f4 b5 18. cxb5 axb5 19. Ndxb5 {Omelja,A (2415)-Herrera Reyes,J (2328) Brena Baja ESP 2025 1-0 (47)}) 5. O-O d6 6. c4 $146 ({RR} 6. e3 e4 7. Ne1 Nf6 8. d3 d5 9. Bb2 Be7 10. c4 dxc4 11. bxc4 Qd7 12. Nc3 exd3 13. Bxb7 Qxb7 14. Nxd3 O-O 15. Nf4 Nbd7 16. Qe2 Bd6 17. Rad1 Be5 18. Nfd5 Rfe8 19. Nb5 a6 20. Nd6 Bxd6 {Arencibia Rodriguez,W (2522)-Kudrin,S (2538) Kapuskasing 2003 1-0 (40)}) 6... g6 7. Nc3 Bg7 8. Rb1 Ne7 9. d3 O-O 10. b4 cxb4 11. Rxb4 d5 12. Nd2 e4 13. Nxd5 Nxd5 14. cxd5 exd3 15. e4 f5 16. Ba3 Nd7 17. Rb3 Rf7 18. Nc4 fxe4 19. Nd6 Bxd5 20. Rxd3 exd3 21. Bxd5 Ne5 22. f4 1-0

[Event "World Blitz 2023"]
[Site "Samarkand UZB"]
[Date "2023.12.30"]
[Round "20.12"]
[White "Daneshvar, Bardiya"]
[Black "Nihal, Sarin"]
[Result "1-0"]
[WhiteElo "2591"]
[BlackElo "2688"]
[PlyCount "111"]
[EventDate "2023.12.29"]
[EventType "blitz"]

1. Nf3 d5 2. g3 Nd7 3. d4 Nb6 4. Nc3 Bf5 5. Nh4 Bg4 6. h3 Bh5 7. g4 ({RR} 7. Ng2 e6 8. Nf4 Bg6 9. Nxg6 hxg6 10. a3 f5 11. Qd3 Nf6 12. Bg5 Be7 13. e3 Ne4 14. Bxe7 Qxe7 15. Bg2 O-O-O 16. Ne2 Nc4 17. Nf4 Rh6 18. b3 Ncd6 19. Qe2 Nc3 20. Qd3 Nce4 21. Qe2 Nc3 {Deac,B (3028)-Grigoriants,S (2908) Chess.com 2024 ½-½}) ({RR} 7. Qd3 e6 8. e4 Nf6 9. Bg2 Be7 10. exd5 Nfxd5 11. Nxd5 Nxd5 12. Nf3 Bg6 13. Qb5+ c6 14. Qxb7 O-O 15. c3 Qa5 16. Qb3 c5 17. O-O Bf6 18. dxc5 Qxc5 19. Qa4 Rab8 20. Nd4 Rfc8 21. Nb3 Qb6 {Svane,R (2621)-Abdusattorov,N (2766) chess.com INT 2025 ½-½ (65)}) 7... e6 8. Ng2 Bg6 9. Nf4 Bd6 $146 ({RR} 9... Nf6 10. Bg2 c5 11. e3 cxd4 12. Nxg6 hxg6 13. exd4 Bb4 14. Qd3 O-O 15. O-O Qc7 16. Ne2 Rac8 17. c3 Bd6 18. b3 Nbd7 19. f4 Qc6 20. g5 Ne8 21. h4 Be7 22. Bd2 Nd6 23. Ng3 b5 24. Qe2 {Amin,B (2682)-Parligras,M (2560) Chartres FRA 2024 1-0 (36)}) 10. Nxg6 hxg6 11. Bg2 Bb4 12. Qd3 Nf6 13. Qb5+ Nfd7 14. Qxb4 a5 15. Qb5 Nc4 16. Qb3 O-O 17. e3 c5 18. Ne2 b5 19. Qd3 Rc8 20. b3 Nd6 21. O-O Qh4 22. c3 g5 23. Ng3 b4 24. cxb4 c4 25. bxc4 dxc4 26. Qa3 Nb5 27. Qxa5 Nc3 28. Qa3 Nd5 29. e4 Nf4 30. Bxf4 gxf4 31. Ne2 e5 32. dxe5 Qg5 33. Qf3 Nxe5 34. Qxf4 Qe7 35. Nc3 Nd3 36. Nd5 Qb7 37. Qg3 Rfe8 38. g5 Re6 39. Rad1 Qa7 40. Rd2 g6 41. Qh4 Qd4 42. Nf6+ Rxf6 43. gxf6 Rc6 44. Rfd1 Rxf6 45. Rxd3 cxd3 46. Rxd3 Qa1+ 47. Bf1 Kg7 48. Qg3 Qxa2 49. Rf3 Rb6 50. Qe5+ Kg8 51. Qd4 Rb7 52. Qd5 Qa7 53. Qd8+ Kh7 54. Bc4 g5 55. Qf6 Rxb4 56. Qxf7+ 1-0

[Event "World Blitz 2023"]
[Site "Samarkand UZB"]
[Date "2023.12.30"]
[Round "21.10"]
[White "Duda, J."]
[Black "Maghsoodloo, Parham"]
[Result "1-0"]
[WhiteElo "2732"]
[BlackElo "2742"]
[PlyCount "53"]
[EventDate "2023.12.29"]
[EventType "blitz"]

1. Nf3 d5 2. c4 d4 3. b4 c5 4. Bb2 Nf6 5. g3 Nbd7 ({RR} 5... a5 6. b5 Nbd7 7. Bg2 e5 8. O-O Bd6 9. d3 O-O 10. a4 Ra7 11. Nbd2 Re8 12. e3 b6 13. Nh4 Nf8 14. Bc6 Bd7 15. Bxd7 Rxd7 16. e4 Ng6 17. Ng2 Rf8 18. f4 exf4 19. gxf4 Ne8 20. Rf3 {So,W (2760)-Anand,V (2757) Bucharest 2019 ½-½ (48)}) ({RR} 5... Qc7 6. Bg2 e5 7. O-O Nc6 8. b5 Ne7 9. e3 Ng6 10. d3 Be7 11. Qe2 O-O 12. Nbd2 h6 13. a4 Bf5 14. a5 Rad8 15. Ra3 Rfe8 16. e4 Be6 17. Rb1 Qd7 18. Kf1 Bh3 19. Bxh3 Qxh3+ 20. Ke1 {Duda,J (2732)-Cheparinov,I (2663) Baku AZE 2023 ½-½}) 6. bxc5 $146 ({RR} 6. d3 e5 7. b5 e4 8. dxe4 Nxe4 9. Bg2 Nd6 10. Nbd2 Nb6 11. Rc1 Be6 12. Ne5 Qc7 13. O-O f6 14. Nd3 Ndxc4 15. Ba1 Bd6 16. Ne4 Rd8 17. e3 dxe3 18. Ndxc5 Bxc5 19. Qh5+ Bf7 20. Qxc5 Qe7 {Stekel Grunberg,M-Sanguineti,R Fortaleza 1975 0-1 (49)}) ({RR} 6. Bg2 e5 7. O-O Bd6 8. e3 dxe3 9. fxe3 cxb4 10. d4 exd4 11. exd4 O-O 12. Nbd2 a5 13. Nh4 Re8 14. Kh1 Nf8 15. Nf5 a4 16. c5 Bc7 17. Nc4 Bxf5 18. Rxf5 a3 19. Bc1 Qd7 20. Qf1 Qxd4 {Derjabin,I (2314)-Yadegar,R (2401) Moscow RUS 2025 0-1 (34)}) 6... e5 7. Bg2 Bxc5 8. O-O O-O 9. e3 dxe3 10. fxe3 Re8 11. Qc2 h6 12. Nc3 Bd6 13. Nh4 a6 14. Rad1 Bf8 15. Nd5 Nxd5 16. Bxd5 Nf6 17. Rxf6 gxf6 18. Qg6+ Bg7 19. Bxf7+ Kh8 20. Bxe8 Bh3 21. Bf7 Qd7 22. Bd5 Rc8 23. Be4 Kg8 24. Nf5 Rxc4 25. Bd5+ Kh8 26. Bxc4 Bxf5 27. Qf7 1-0

[Event "World Blitz 2023"]
[Site "Samarkand UZB"]
[Date "2023.12.30"]
[Round "21.18"]
[White "Keymer, Vincent"]
[Black "Nesterov, Arseniy"]
[Result "1-0"]
[WhiteElo "2738"]
[BlackElo "2584"]
[PlyCount "61"]
[EventDate "2023.12.29"]
[EventType "blitz"]

1. Nf3 d5 2. e3 Nf6 3. c4 e6 4. Nc3 Be7 5. b3 b6 6. Bb2 Bb7 7. cxd5 exd5 8. d4 O-O 9. Bd3 Nbd7 10. O-O Ne4 11. Qc2 Nxc3 $146 ({RR} 11... Ndf6 12. Ne2 Re8 13. Rad1 Rc8 14. Ng3 Nxg3 15. hxg3 c6 16. Ne5 Bd6 17. Qe2 Rc7 18. Rc1 Qe7 19. Rc2 Nd7 20. Nf3 Nb8 21. Rfc1 Qd8 22. Nh4 g6 23. Nf3 Rce7 24. Ne5 Bxe5 25. dxe5 Nd7 26. f4 {Simagin,V-Lein,A Sochi 1967 ½-½ (93)}) ({RR} 11... Ndf6 12. Ne5 Bd6 13. Nb5 Qe7 14. Nxd6 cxd6 15. Nf3 Ng4 16. Qe2 Rac8 17. h3 Nh6 18. Rac1 Nf5 19. Rxc8 Rxc8 20. Rc1 Rxc1+ 21. Bxc1 Qc7 22. Qc2 Qxc2 23. Bxc2 Ne7 24. Ba3 f6 25. Ne1 Nc8 26. Bb2 {Goganov,A (2612)-Sargissian,G (2689) St Petersburg 2018 0-1 (83)}) ({RR} 11... f5 12. Ne2 Bd6 13. Ne5 g6 14. Rac1 a6 15. b4 Qe7 16. a4 Nxe5 17. dxe5 Bxb4 18. Qxc7 Qxc7 19. Rxc7 Rf7 20. Rxf7 Kxf7 21. Bd4 Nc5 22. Bc2 Rc8 23. f3 a5 24. Rd1 Ba6 25. Nf4 Ne6 26. Nxe6 {Virtanen,A (2218)-Jaakkola,N (2190) Finland FIN 2025 ½-½ (52)}) 12. Bxc3 h6 13. b4 a6 14. a4 Bd6 15. b5 axb5 16. axb5 Qe7 17. h3 Rfe8 18. Qb3 Nf6 19. Rfc1 Ne4 20. Be1 Ng5 21. Nxg5 hxg5 22. Be2 g6 23. Bf3 Qe6 24. Bb4 Kg7 25. Bxd6 Qxd6 26. Qc3 Rxa1 27. Rxa1 Bc8 28. Ra8 Rf8 29. Ra7 Bd7 30. Qxc7 Qe6 31. Qxd7 1-0

[Event "Titled Tue 26th Dec Early"]
[Site "chess.com INT"]
[Date "2023.12.26"]
[Round "3"]
[White "Nakamura, Hi"]
[Black "Blohberger, Felix"]
[Result "1-0"]
[WhiteElo "2788"]
[BlackElo "2534"]
[PlyCount "87"]
[EventDate "2023.12.26"]

1. Nf3 d5 2. e3 c5 3. b3 Nf6 4. Bb2 g6 5. Bxf6 exf6 6. c3 f5 7. d4 Nc6 8. g3 cxd4 9. Nxd4 Bg7 10. Bg2 O-O 11. O-O Be6 12. Ne2 Rc8 13. Nd2 Qa5 14. b4 Qb6 $146 ({RR} 14... Qc7 15. Nb3 Ne5 16. Nbd4 Rfe8 17. Rc1 a6 18. Nf4 Rcd8 19. Qb3 Nc4 20. Rfd1 Kh8 21. Nf3 h6 22. h4 b5 23. Nd4 Rd6 24. Nde2 Kh7 25. Bxd5 Red8 26. Bxe6 fxe6 27. Nd4 Re8 28. h5 g5 29. Ng6 {Nakamura,H (2787)-Martinez Alcantara,J (2619) chess.com INT 2023 1-0 (72)}) 15. Rb1 Rfd8 16. a4 Ne5 17. a5 Qc7 18. Nb3 Ng4 19. Nbd4 Qe7 20. Rc1 Nf6 21. Nf4 Ne4 22. Qd3 a6 23. Rfd1 Rc7 24. Rc2 Rdc8 25. Rdc1 Bf6 26. Bf1 Kg7 27. Ndxe6+ fxe6 28. c4 dxc4 29. Rxc4 Rxc4 30. Rxc4 Rxc4 31. Qxc4 Kf7 32. Bg2 Nd6 33. Qb3 Ne4 34. Bxe4 fxe4 35. Qc4 Be5 36. Qxe4 Bxf4 37. Qxf4+ Kg7 38. Qe4 Qd7 39. Kg2 Kf7 40. g4 Kf8 41. Qd4 Qf7 42. Qf4 Ke7 43. Qxf7+ Kxf7 44. Kf3 1-0

[Event "Titled Tue 26th Dec Early"]
[Site "chess.com INT"]
[Date "2023.12.26"]
[Round "6"]
[White "Nakamura, Hi"]
[Black "Donchenko, Alexa"]
[Result "1-0"]
[WhiteElo "2788"]
[BlackElo "2634"]
[PlyCount "91"]
[EventDate "2023.12.26"]

1. Nf3 Nf6 2. e3 g6 3. b3 Bg7 4. d4 c5 5. Bb2 cxd4 6. Nxd4 O-O 7. Be2 Nc6 8. O-O d6 9. Nxc6 bxc6 10. c4 a5 $146 ({RR} 10... Bb7 11. Bf3 d5 12. Nc3 Re8 13. Na4 Qd6 14. Qc2 Rac8 15. Rfd1 e5 16. Rac1 Qe7 17. Qb1 h5 18. Qa1 Rcd8 19. h3 Ba8 20. Rc2 Qe6 21. Rcd2 Nh7 22. cxd5 cxd5 23. Nc3 e4 24. Nxe4 Bxb2 25. Qxb2 {Nakamura,H (2750)-Muradli,M (2537) Chess.com INT 2022 1-0 (42)}) 11. Bf3 Bd7 12. Nc3 Qb6 13. Na4 Qc7 14. c5 d5 15. Nb6 Ra7 16. Qd2 e5 17. Bc3 Bg4 18. Bxg4 Nxg4 19. h3 Nf6 20. Bxa5 Ne4 21. Qb4 Rb8 22. f3 Ng3 23. Rf2 e4 24. Rd1 exf3 25. Nxd5 Ne2+ 26. Kh1 Ng3+ 27. Kg1 Ne2+ 28. Kh1 cxd5 29. Bxc7 Rxb4 30. Bb6 Rxa2 31. gxf3 Rxb3 32. Rxd5 Ng3+ 33. Kg2 Rxf2+ 34. Kxf2 Nf5 35. Rd8+ Bf8 36. c6 Rc3 37. c7 Ne7 38. Ba5 Rc2+ 39. Ke1 Rc4 40. Kd2 Kg7 41. Kd3 Rc6 42. e4 f6 43. f4 Kf7 44. f5 gxf5 45. exf5 Bh6 46. Rh8 1-0